Places To Study

There are group study rooms, individual study carrels, computer labs, and other spaces to study in the Libraries.

Reserve A Group Room

Online Resources

Access thousands of eBooks, audiobooks, and online journals from the comfort of your home.

Explore Resources

Events and Workshops

Join our upcoming events and workshops to enhance your skills and knowledge.

View Events

Burma in the Family of Nations / (Record no. 2761)

MARC details
000 -LEADER
fixed length control field 00678nam a22002057a 4500
003 - CONTROL NUMBER IDENTIFIER
control field OSt
005 - DATE AND TIME OF LATEST TRANSACTION
control field 20251220154412.0
008 - FIXED-LENGTH DATA ELEMENTS--GENERAL INFORMATION
fixed length control field 251220b |||||||| |||| 00| 0 eng d
040 ## - CATALOGING SOURCE
Transcribing agency DCL
041 ## - LANGUAGE CODE
Language code of text/sound track or separate title English
082 ## - DEWEY DECIMAL CLASSIFICATION NUMBER
Classification number 959.1
100 0# - MAIN ENTRY--PERSONAL NAME
Personal name Maung Maung,
Titles and words associated with a name U,
Dates associated with a name 1925-1994
245 10 - TITLE STATEMENT
Title Burma in the Family of Nations /
Statement of responsibility, etc. Dr. Maung Maung., by J. H. W. Verzij. Foreword by Chan Tun Aung.
260 ## - PUBLICATION, DISTRIBUTION, ETC.
Place of publication, distribution, etc. Amsterdam :
Name of publisher, distributor, etc. International Educational Publishing,
Date of publication, distribution, etc. 1956.
300 ## - PHYSICAL DESCRIPTION
Extent xi, 236 pages :
Other physical details map ;
Dimensions 20 cm.
504 ## - BIBLIOGRAPHY, ETC. NOTE
Bibliography, etc. note Includes bibliographical notes and index.
651 ## - SUBJECT ADDED ENTRY--GEOGRAPHIC NAME
Geographic name Myanmar
Form subdivision History
700 0# - ADDED ENTRY--PERSONAL NAME
Personal name Chan Tun Aung
Relator term Foreword
942 ## - ADDED ENTRY ELEMENTS (KOHA)
Source of classification or shelving scheme Dewey Decimal Classification
Koha item type Short Term
Suppress in OPAC No

No items available.